Every Sam Smith Song on the Billboard Hot 100 - Statistics

General Stats
  • This quiz has been taken 135 times
    77 since last reset
  • The average score is 8 of 18
Answer Stats
# Year Song % Correct
2 2014 Stay With Me
86%
4 2017 Too Good At Goodbyes
70%
5 2014 I'm Not The Only One
64%
8 2015 Lay Me Down
55%
7 2019 Dancing With A Stranger (Normani)
54%
7 2014 Latch (Disclosure)
52%
39 2021 Diamonds
49%
19 2014 La La La (Naughty Boy)
43%
99 2015 Like I Can
42%
71 2015 Writing's On The Wall
42%
24 2019 How Do You Sleep?
39%
55 2017 Pray ft. Logic
33%
65 2018 Promises (Calvin Harris)
33%
36 2020 I'm Ready (Demi Lovato)
30%
46 2020 To Die For
26%
92 2014 Leave Your Lover
17%
64 2015 Omen (Disclosure)
17%
90 2014 Have Yourself A Merry Little Christmas
7%
No matching quizzes found
Score Distribution
Percent of People with Each Score
Percentile by Number Answered
Your Score History
You have not taken this quiz since the last reset